K vybraným otázkam kultúrnej diplomacie

Kultúrna diplomacia ako predmet vedeckého bádania. Vzťah kultúrnej diplomacie a verejnej diplomacie. Teoretické vymedzenie a význam kultúrnej diplomacie. Aktéri kultúrnej diplomacie. Kultúrna diplomacia v kontexte Európskej únie. Kultúrna diplomacia Slovenskej republiky. Aktivity Slovenskej republik...

Description complète

Enregistré dans:
Détails bibliographiques
Auteur principal: Čiefová, Michaela, 1991-
Format: Chapitre de livre
Langue:slovaque
Sujets:
Tags: Ajouter un tag
Pas de tags, Soyez le premier à ajouter un tag!

MARC

LEADER 00000naa a2200000 4500
001 0248893
005 20240502073959.7
041 0 |a slo 
044 |a SK 
245 1 0 |a K vybraným otázkam kultúrnej diplomacie  |c Michaela Čiefová 
520 |a Kultúrna diplomacia ako predmet vedeckého bádania. Vzťah kultúrnej diplomacie a verejnej diplomacie. Teoretické vymedzenie a význam kultúrnej diplomacie. Aktéri kultúrnej diplomacie. Kultúrna diplomacia v kontexte Európskej únie. Kultúrna diplomacia Slovenskej republiky. Aktivity Slovenskej republiky v oblasti kultúrnej diplomacie. Kultúrne inštitúty Slovenskej republiky. Kultúrna diplomacia Rakúskej republiky. 
610 2 0 |a Slovensko 
610 2 0 |a Európska únia 
610 2 0 |a Rakúsko 
610 2 0 |a diplomacia 
610 2 0 |a kultúra 
610 2 0 |a vzťahy formálne 
610 2 0 |a vzťahy hospodárske medzinárodné 
100 1 |a Čiefová, Michaela, 1991-